LIBRARY ONLINE CATALOGUE

The Gospel according to St. John : (Record no. 21025)

MARC details
000 -LEADER
fixed length control field 01062cam a2200325 i 4500
001 - CONTROL NUMBER
control field 2736087
003 - CONTROL NUMBER IDENTIFIER
control field OSt
005 - DATE AND TIME OF LATEST TRANSACTION
control field 20251211131050.0
008 - FIXED-LENGTH DATA ELEMENTS--GENERAL INFORMATION
fixed length control field 780221s1978 pau b 001 0 eng
010 ## - LIBRARY OF CONGRESS CONTROL NUMBER
LC control number 78002587
020 ## - INTERNATIONAL STANDARD BOOK NUMBER
International Standard Book Number 0664213642
020 ## - INTERNATIONAL STANDARD BOOK NUMBER
International Standard Book Number 9780664213640
035 ## - SYSTEM CONTROL NUMBER
System control number 2736087
040 ## - CATALOGING SOURCE
Original cataloging agency DLC
Transcribing agency DLC
Modifying agency DLC
050 00 - LIBRARY OF CONGRESS CALL NUMBER
Classification number BS2615.3
Item number .B3 1978
082 00 - DEWEY DECIMAL CLASSIFICATION NUMBER
Classification number 226/.5/077
100 1# - MAIN ENTRY--PERSONAL NAME
Personal name Barrett, C. K.
Fuller form of name (Charles Kingsley),
Dates associated with a name 1917-
245 14 - TITLE STATEMENT
Title The Gospel according to St. John :
Remainder of title an introduction with commentary and notes on the Greek text /
Statement of responsibility, etc. C. K. Barrett.
250 ## - EDITION STATEMENT
Edition statement 2d ed.
260 ## - PUBLICATION, DISTRIBUTION, ETC. (IMPRINT)
Place of publication, distribution, etc. Philadelphia :
Name of publisher, distributor, etc. Westminster Press,
Date of publication, distribution, etc. 1978.
300 ## - PHYSICAL DESCRIPTION
Extent xv, 638 p. ;
Dimensions 24 cm.
336 ## - CONTENT TYPE
Content type term text
Content type code txt
Source rdacontent
337 ## - MEDIA TYPE
Media type term unmediated
Media type code n
Source rdamedia
338 ## - CARRIER TYPE
Carrier type term volume
Carrier type code nc
Source rdacarrier
504 ## - BIBLIOGRAPHY, ETC. NOTE
Bibliography, etc Includes bibliographical references and indexes.
630 00 - SUBJECT ADDED ENTRY--UNIFORM TITLE
Uniform title Bible.
Name of part/section of a work John
General subdivision Commentaries.
906 ## - LOCAL DATA ELEMENT F, LDF (RLIN)
a 7
b cbc
c orignew
d 1
e ocip
f 19
g y-gencatlg
942 ## - ADDED ENTRY ELEMENTS (KOHA)
Source of classification or shelving scheme Library of Congress Classification
Koha item type General Collection
Holdings
Withdrawn status Lost status Source of classification or shelving scheme Not for loan Home library Current library Shelving location Date acquired Source of acquisition Inventory number Total Checkouts Full call number Barcode Date last seen Copy number Price effective from Koha item type
    Library of Congress Classification   Kabarak, Main Campus Kabarak, Main Campus General Stacks 11/12/2025 Donation 2025/2506   BS2615.3 .B3 1978 C.1 39368 11/12/2025 C.1 11/12/2025 General Collection